Statistics for Golden Globes-Best Actress: Drama Winners

Click here to take the quiz!

General Stats

  • This quiz has been taken 285 times
  • The average score is 35 of 66

Answer Stats

YearFilmWinner% Correct
2011Black SwanNatalie Portman
99%
2012Iron LadyMeryl Streep
97%
2001Erin BrockovichJulia Roberts
95%
2010The Blind SideSandra Bullock
95%
2005Million Dollar BabyHilary Swank
93%
2004MonsterCharlize Theron
91%
1992The Silence of the LambsJodie Foster
91%
2014Blue JasmineCate Blanchett
90%
2016RoomBrie Larson
89%
2007The QueenHelen Mirren
89%
2015Still AliceJulianne Moore
89%
2000Boys Don't CryHilary Swank
86%
2003The HoursNicole Kidman
85%
1983Sophie's ChoiceMeryl Streep
83%
1999ElizabethCate Blanchett
82%
2013Zero Dark ThirtyJessica Chastain
82%
2009Revolutionary RoadKate Winslet
82%
1991MiseryKathy Bates
81%
1994The PianoHolly Hunter
74%
1986The Color PurpleWhoopi Goldberg
73%
1989The AccusedJodie Foster
71%
1996CasinoSharon Stone
69%
1993Howards EndEmma Thompson
67%
1980Norma RaeSally Field
65%
1954Roman HolidayAudrey Hepburn
64%
2006TransamericaFelicity Huffman
63%
1984Terms of EndearmentShirley MacLaine
63%
1977NetworkFaye Dunaway
62%
1972KluteJane Fonda
61%
1976One Flew Over the Cuckoo's NestLouise Fletcher
61%
1995Blue SkyJessica Lange
60%
1987Children of a Lesser GodMarlee Matlin
59%
1982The French Lieutenant's WomanMeryl Streep
56%
1985Places in the HeartSally Field
53%
1979Coming HomeJane Fonda
52%
1998Mrs. BrownJudi Dench
52%
1990The Fabulous Baker BoysMichelle Pfeiffer
52%
2002In the BedroomSissy Spacek
49%
1955The Country GirlGrace Kelly
47%
2008Away From HerJulie Christie
42%
1981Ordinary PeopleMary Tyler Moore
42%
1951Sunset BoulevardGloria Swanson
41%
1971Love StoryAli MacGraw
39%
1978JuliaJane Fonda
37%
1958The Three Faces of EveJoanne Woodward
35%
1956The Rose TattooAnna Magnani
34%
1997Secrets & LiesBrenda Blethyn
34%
1959I Want to Live!Susan Hayward
31%
1960Suddenly, Last SummerElizabeth Taylor
30%
1975The Woman Under the InfluenceGena Rowlands
29%
1953Come Back, Little ShebaShirley Booth
27%
1969Rachel, RachelJoanne Woodward
21%
1973The EmigrantsLiv Ullmann
20%
1965The Pumpkin EaterAnne Bancroft
18%
1970Anne of the Thousand DaysGenevieve Bujold
18%
1988AnnaSally Kirkland
16%
1967A Man and a WomanAnouk Aimee
15%
1963Sweet Bird of YouthGeraldine Page
15%
1964The L-Shaped RoomLeslie Caron
15%
1957Baby DollCarroll Baker
14%
1974Cinderella LibertyMarsha Mason
14%
1961Sunrise at CampobelloGreer Garson
13%
1966The CollectorSamantha Eggar
12%
1968The WhisperersEdith Evans
11%
1962Summer and SmokeGeraldine Page
11%
1952The Blue VeilJane Wyman
11%

Score Distribution

Percentile by Number Answered

Percent of People with Each Score

Your Score History

You have not taken this quiz